Stations du tramway de Mulhouse - Statistiques

Statistiques générales
  • Ce quiz a été pris 277 fois
  • Le résultat moyen est 16 sur 36
Statistiques - réponses
Stations % Correct
Porte Jeune
92%
Gare Centrale
84%
Coteaux
75%
Mairie
75%
Porte Haute
75%
Nouveau Bassin
73%
République
69%
Palais des Sports
62%
Université
62%
Tour Nessel
59%
Daguerre
56%
Grand Rex
55%
Châtaignier
52%
Cité Administrative
49%
Lutterbach Gare
44%
Bel Air
43%
Illberg
41%
Rattachement
41%
Doller
40%
Lefebvre
40%
Nations
40%
Dornach Gare
36%
Nordfeld
36%
Thann St Jacques
36%
Cernay
35%
Stade de Bourtzwiller
35%
Zu Rhein
30%
St Nazaire
28%
Thann Gare
27%
Tuilerie
27%
Cité de l'Auto
25%
Musées
24%
Vieux Thann
23%
Thann Centre
22%
Graffenwald
17%
Vieux Thann ZI
11%
Aucun quiz correspondant
Distribution des résultats
% des personnes avec chaque résultat
Percentile par nombre de réponses
Votre historique - résultats
Vous n’avez pas pris ce quiz